The lost Europeans (Record no. 85715)

MARC details
000 -LEADER
fixed length control field 00686 a2200253 4500
003 - CONTROL NUMBER IDENTIFIER
control field CBULib
005 - DATE AND TIME OF LATEST TRANSACTION
control field 20241029131845.0
008 - FIXED-LENGTH DATA ELEMENTS--GENERAL INFORMATION
fixed length control field 241029b |||||||| |||| 00| 0 eng d
020 ## - INTERNATIONAL STANDARD BOOK NUMBER
International Standard Book Number 9781784970819
040 ## - CATALOGING SOURCE
Language of cataloging English
Transcribing agency CBULib
Description conventions rda
041 ## - LANGUAGE CODE
Language code of text/sound track or separate title eng
050 ## - LIBRARY OF CONGRESS CALL NUMBER
Classification number PR 6023. I7
100 ## - MAIN ENTRY--PERSONAL NAME
Personal name Litvinoff, Emanuel
245 ## - TITLE STATEMENT
Title The lost Europeans
Statement of responsibility, etc / by Emanuel Litvinoff
260 ## - PUBLICATION, DISTRIBUTION, ETC. (IMPRINT)
Name of publisher, distributor, etc Apollo,
Date of publication, distribution, etc 2016
Place of publication, distribution, etc London :
300 ## - PHYSICAL DESCRIPTION
Extent xi, 295 pages
336 ## - CONTENT TYPE
Source rdacontent
Content type term Text |
Content type code txt
337 ## - MEDIA TYPE
Source rdamedia
Media type term Unmediated |
Media type code n
338 ## - CARRIER TYPE
Source rdacarrier
Carrier type term Volume
Carrier type code nc
650 #0 - SUBJECT ADDED ENTRY--TOPICAL TERM
9 (RLIN) 3852
Topical term or geographic name as entry element FASCISM
650 #0 - SUBJECT ADDED ENTRY--TOPICAL TERM
9 (RLIN) 3853
Topical term or geographic name as entry element FASCISM AND SEXUALITY
650 #0 - SUBJECT ADDED ENTRY--TOPICAL TERM
9 (RLIN) 708
Topical term or geographic name as entry element FICTION
942 ## - ADDED ENTRY ELEMENTS (KOHA)
Source of classification or shelving scheme
Koha item type MONOGRAPH
Holdings
Withdrawn status Lost status Source of classification or shelving scheme Damaged status Not for loan Collection code Permanent Location Current Location Shelving location Date acquired Source of acquisition Cost, normal purchase price Full call number Barcode Date last seen Price effective from Koha item type
          CBU-Lusaka Campus CBU- LUSAKA CAMPUS CBU- LUSAKA CAMPUS Fiction Collection 10/29/2024 DON-BOOKAID 32.00 PR 6023. I7 753105 10/29/2024 10/29/2024 MONOGRAPH
          CBU-Lusaka Campus CBU- LUSAKA CAMPUS CBU- LUSAKA CAMPUS Fiction Collection 10/29/2024 DON-BOOKAID 32.00 PR 6023. I7 753106 10/29/2024 10/29/2024 MONOGRAPH